000 00349nam a22001217a 4500
008 230623b xxu||||| |||| 00| 0 eng d
082 _a330.96005
_bJAE 2006
245 _aAfrican Economic Research Consortium
260 _bCentre for the Study of African Economies
_c2006
300 _a140p
440 _n1
_pSupplement
_v15
_x09638024
942 _2ddc
_cBK
999 _c2448
_d2448